Návrh klznice s využitím aditívnej výroby

Saved in:
Bibliographic Details
Main Author: Bédy, Jakub (Author)
Other Authors: Bucha, Jozef (Thesis advisor)
Format: Manuscript Book
Language:Slovak
Published: 2019
Subjects:
Online Access:http://is.stuba.sk/zp/portal_zp.pl?podrobnosti=144798
Tags: Add Tag
No Tags, Be the first to tag this record!

MARC

LEADER 00000ntm a22000003a 4500
001 stuzp75670
003 SK-STU
005 20190608213810.5
007 ta
008 150427s2015----xo-----f-mn---000-0-slo-d
040 |a STU  |b slo 
041 0 |a slo 
100 1 |a Bédy, Jakub  |u 020030  |k Z4  |4 aut  |U SjF Strojnícka fakulta  |T SjF Ústav dopravnej techniky a konštruovania  |X 76003  |U J0030  |Y 806  |7 76003 
242 0 1 |a Design of slider using aditive manufacturing  |y eng 
245 1 0 |a Návrh klznice s využitím aditívnej výroby 
260 |c 2019 
650 4 |a klznica  |2 slo 
650 4 |a 3D tlač  |2 slo 
650 4 |a deštruktívne skúšky  |2 slo 
650 4 |a ADAMS  |2 slo 
650 4 |a ANSYS  |2 slo 
650 4 |a Spring seat  |2 eng 
650 4 |a 3D Printing  |2 eng 
650 4 |a destructive tests  |2 eng 
650 4 |a ADAMS  |2 eng 
650 4 |a ANSYS  |2 eng 
700 1 |a Bucha, Jozef  |u 020030  |k Z1  |4 ths  |U SjF Strojnícka fakulta  |T SjF Ústav dopravnej techniky a konštruovania  |X 70878  |U J0030  |Y 806  |7 A000070878 
856 4 |u http://is.stuba.sk/zp/portal_zp.pl?podrobnosti=144798 
996 |b 284J045970  |c J* 3080/DDP  |l JJSK  |s A  |a 24  |w stuzp75670_0001